Регионална библиотека "Любен Каравелов" - Русе

Транзит (Запис номер 198363)

MARC детайли
000 -Лидер
Контролно поле с фиксирана дължина 01233nam a2200313 c 4500
003 - Код на организацията, давaща контролен номер
Контролно поле BLK
005 - Дата и час на последна редакция
Контролно поле 20241105005515.0
008 - Елементи от данни с фиксирана дължина
fixed length control field 180411b bul|||||r ||||||| ||bul||
010 ## - Наследен системен номер
LC control number KNG00207707000
040 ## - Източник на каталожния запис
Идентификатор на билиотеката - собственик на записа BLK
041 ## - Код за език
Код за езика на текст/звукозапис или на отделно заглавие Български
Код за езика КДБФ Български
080 ## - УДК
Текстов определител УДК Българска литература
УДК код - определител по УДК 821.163.2
УДК определител -1
УДК - код + определител 821.163.2-1
100 ## - Редна дума - Автор
Автор Димитрова, Блага Николова
Дати, свързани с автора 1922 - 2003
Автор - информация (биография) Писателка, поетеса, драматург, публицист, преводачка
R(LIN) 363629
139 ## - Редно поле
Редна дума Димитрова, Блага Николова
Авторски знак Дими - Д 58
245 10 - Сведения за заглавието
Заглавие Транзит
Подзаглавни данни Поема
Редно поле (дума) Блага Николова Димитрова; ред. Кирил Кадийски.
257 ## - Страна на издаване
Страна на създаване/издаване България
260 ## - Област на издателските данни
-- София
Година на издаване 1990
Печатница ИПБ при ЕЦНПКФКС
300 ## - Физическа характеристика
Страници 16 с.
Размери/Мащаб 20 см
380 ## - Жанр
Жанр Худож. лит.
490 1# - СЕРИИ (Колекции)
Име на серия Библиотека Златорог
№: серия 1
500 ## - Общи забележки
Забележка Ред.- изд. Кирил Кадийски . - 3 131 тир.
700 1# - Други автори (авторска отговорност)
Лично име Кадийски, Кирил
Автороска отговорност (Описва отношението между автора и произведението) ред.
9 (RLIN) 363853
852 ## - Местоположение
Форматна сигнатура Цб 162992
856 4# - Електронен адрес и достъп
Електронен формат pdf - файл
Път до файла /url/
856 4# - Електронен адрес и достъп
Електронен формат pdf - файл
Път до файла /url/
942 ## - АРТИКУЛИ
Вид на библиотечния материал Книги
Скрит в OPAC Не
944 ## - СЪЗДАВАНЕ И РЕДАКЦИЯ на ЗАПИСА
Създаване/Редакция Създаване
Дата на регистрацията/редакция 09.06.2017
Служител, извършил регистрацията/редакцията
Статус, дата на статуса CRON CRON
944 ## - СЪЗДАВАНЕ И РЕДАКЦИЯ на ЗАПИСА
Създаване/Редакция Редакция
Дата на регистрацията/редакция 09.06.2017
Служител, извършил регистрацията/редакцията Вася_Ганчева
999 ## - СИСТЕМНИ КОНТРОЛНИ НОМЕРА
Koha biblionumber 198363
Koha biblioitemnumber 198363
Наличности
Код за отписване Код за изгубен артикул Източник на класификационната схема Код за повреда Коз за рестрикции Код за отдаване Артикулен № Име на библиотеката - собственик Име на библиотеката, в която се намира в момента Статус (Текущо местоположение) Дата на вписване в системата Местоположение - отдел Цена в лева Инвентарен номер Систематично азбучна сигнатура Баркод Номер на екземпляра Цена в евро Служебна бележка Служебен тип на артикула
  Не е изгубен Universal Decimal Classification Не е повреден без рестрикции ползва се в читалня 344970 Регионална библиотека "Любен Каравелов" Русе Регионална библиотека "Любен Каравелов" Русе Хранилище 1990-01-01 Хранилище 1.25 537239 Цб 162992 120000537239 1 0.64 Дост: Dp Вид: Д N: стар фонд Дата: 01.01.1990 Книги
Vip Innovations Ltd, Rousse, Bulgaria 2025